| 000 -LEADER | |
|---|---|
| fixed length control field | 00700nam a22002297a 4500 |
| 003 - CONTROL NUMBER IDENTIFIER | |
| control field | OSt |
| 005 - DATE AND TIME OF LATEST TRANSACTION | |
| control field | 20250417120744.0 |
| 008 - FIXED-LENGTH DATA ELEMENTS--GENERAL INFORMATION | |
| fixed length control field | 220322b ||||| |||| 00| 0 eng d |
| 020 ## - INTERNATIONAL STANDARD BOOK NUMBER | |
| International Standard Book Number | 9788126512607 |
| 040 ## - CATALOGING SOURCE | |
| Transcribing agency | KCST |
| 082 ## - DEWEY DECIMAL CLASSIFICATION NUMBER | |
| Classification number | 005.133 |
| Item number | Go Da |
| 100 ## - MAIN ENTRY--PERSONAL NAME | |
| Personal name | Goodrich, Michael T. |
| 9 (RLIN) | 1056 |
| 245 ## - TITLE STATEMENT | |
| Title | Data structures and algorithms in C++ / |
| Statement of responsibility, etc. | Michael T Goodrich; Roberto Tamassia; David M Mount |
| 260 ## - PUBLICATION, DISTRIBUTION, ETC. | |
| Place of publication, distribution, etc. | New Delhi: |
| Name of publisher, distributor, etc. | Wiley; |
| Date of publication, distribution, etc. | 1999 |
| 300 ## - PHYSICAL DESCRIPTION | |
| Extent | 683 p. |
| 650 ## - SUBJECT ADDED ENTRY--TOPICAL TERM | |
| Topical term or geographic name entry element | C++ (Computer program language) |
| 9 (RLIN) | 162 |
| 650 ## - SUBJECT ADDED ENTRY--TOPICAL TERM | |
| Topical term or geographic name entry element | Data structures (Computer science) |
| 9 (RLIN) | 363 |
| 650 ## - SUBJECT ADDED ENTRY--TOPICAL TERM | |
| Topical term or geographic name entry element | Computer algorithms |
| 9 (RLIN) | 364 |
| 700 ## - ADDED ENTRY--PERSONAL NAME | |
| Personal name | Tamassia, Roberto |
| 9 (RLIN) | 1057 |
| 700 ## - ADDED ENTRY--PERSONAL NAME | |
| Personal name | Mount, David M |
| 9 (RLIN) | 1239 |
| 942 ## - ADDED ENTRY ELEMENTS (KOHA) | |
| Source of classification or shelving scheme | Dewey Decimal Classification |
| Koha item type | Book |
| Withdrawn status | Lost status | Source of classification or shelving scheme | Damaged status | Not for loan | Home library | Current library | Date acquired | Cost, normal purchase price | Total checkouts | Full call number | Barcode | Date last seen | Cost, replacement price | Price effective from | Koha item type |
|---|---|---|---|---|---|---|---|---|---|---|---|---|---|---|---|
| Dewey Decimal Classification | KCST Library | KCST Library | 22/03/2022 | 12.28 | 005.133 Go Da | 1000001031 | 22/03/2022 | 12.28 | 22/03/2022 | Book |